• 首页
  • 本馆介绍
  • 公告通知
  • 最新文献
  • 馆藏检索
  • 电子资源
  • 读者导购
  • 参考咨询
  • 我的图书馆
  • 登录
  • 详细信息显示
  • 放入我的书架
  • 预约/预借图书
  • 作者相关作品
  • 分类相关作品
  • 丛书相关作品
  • 出版社相关作品

书目信息

  • 表格格式
  • 工作单格式
  • 卡片格式
题名:
全国硕士研究生入学统一考试日语必备题集
    
 
作者: 李光泽 主编
分册:  
出版信息: 大连   大连理工大学出版社  2016
页数: 361页
开本: 26cm
丛书名:
单 册:
中图分类: H360.421-44
科图分类:
主题词: 日语--硕士生入学考试--习题集
电子资源:
ISBN: 978-7-5685-0521-5
000 00879nam0 2200229 450
001 0104019984
005 20170412141239.0
010    @a978-7-5685-0521-5@dCNY45.00
100    @a20161115d2016 em y0chiy0120 ea
101 0  @achi@ajpn
102    @aCN@b210000
105    @aa q 000yy
106    @ar
200 1  @a全国硕士研究生入学统一考试日语必备题集@9Quan Guo Shuo Shi Yan Jiu Sheng Ru Xue Tong Yi Kao Shi Ri Yu Bi Bei Ti Ji @f李光泽主编@b专著
210    @a大连@c大连理工大学出版社@d2016
215    @a361页@c图@d26cm
330    @a本书包括2002年—2015年14套真题,附录部分整理归纳了254个重点词汇,以及241个核心惯用型。讲解细致。对每道真题都进行了详细解读,归纳整理了考试要点、复习重点及解题技巧。
606 0  @a日语@x硕士生入学考试@j习题集
690    @aH360.421-44@v5
701  0 @a李光泽@4主编@9li guang ze
801  0 @aCN@bAZmarc@c20230903
905    @aBZT@dH360@e5@f5@sH360/5
    
    全国硕士研究生入学统一考试日语必备题集/李光泽主编.-大连:大连理工大学出版社,2016
    361页:图;26cm
    
    
    ISBN 978-7-5685-0521-5:CNY45.00
    本书包括2002年—2015年14套真题,附录部分整理归纳了254个重点词汇,以及241个核心惯用型。讲解细致。对每道真题都进行了详细解读,归纳整理了考试要点、复习重点及解题技巧。
●
相关链接 在五车中查询图书 在当当中查询图书 在豆瓣中查询图书


正题名:全国硕士研究生入学统一考试日语必备题集     索取号:H360/5         预约/预借

序号 登录号 条形码 馆藏地/架位号 状态 备注
1 2000005491   2000005491   旧书回溯/ [索取号:H360/5] 在馆    
2 2000005492   2000005492   旧书回溯/ [索取号:H360/5] 在馆    
3 2000005493   2000005493   旧书回溯/ [索取号:H360/5] 在馆    
4 2000005494   2000005494   旧书回溯/ [索取号:H360/5] 在馆    
5 2000005495   2000005495   旧书回溯/ [索取号:H360/5] 在馆    
山东省滨州职业学院图书馆 欢迎您!
大连网信软件有限公司© 版权所有